Photoelectronic image devices : proceedings of the fourth symposium held at Imperial College, London, September 16-20, 1968 /

ADV ELECTRONC/ELECTRON PHYSICS V28A APL.

Bibliographic Details
Corporate Authors: Symposium on Photo-Electronic Image Devices Imperial College of Science and Technology, ScienceDirect (Online service)
Other Authors: McGee, J. David
Format: Conference Proceeding eBook
Language:English
Language Notes:English.
Published: New York, N.Y. : Academic Press, 1969.
Series:Advances in electronics and electron physics ; 28A
Subjects:
Online Access:Connect to the full text of this electronic book

MARC

Tag First Indicator Second Indicator Subfields
LEADER 00000cam a2200000 a 4500
001 in00005744821
005 20260326182427.5
006 m o d
007 cr cn|||||||||
008 051020s1969 nyua o 100 0 eng d
040 |a E7B  |b eng  |e pn  |c E7B  |d OCLCQ  |d OPELS  |d OCLCQ  |d OCLCF  |d OCLCO  |d OCL  |d OCLCO  |d OCLCQ  |d DEBSZ  |d LEAUB  |d VLY  |d COM  |d OCLCO  |d OCLCQ  |d OCLCO  |d OCLCL  |d OCLCQ  |d OCLCL  |d OCLCQ 
019 |a 1162419278 
020 |a 0120145286  |q (electronic bk.) 
020 |a 9780120145287  |q (electronic bk.) 
020 |a 1281748234 
020 |a 9781281748232 
020 |a 9786611748234 
020 |a 6611748237 
020 |a 0080576907 
020 |a 9780080576909 
035 |a (OCoLC)646759028  |z (OCoLC)1162419278 
050 4 |a TK7800  |b .A3728A 1969eb 
082 0 4 |a 621.381  |2 23 
049 |a TXAM 
111 2 |a Symposium on Photo-Electronic Image Devices  |n (5th :  |d 1971 :  |c Imperial College of Science and Technology) 
245 1 0 |a Photoelectronic image devices :  |b proceedings of the fourth symposium held at Imperial College, London, September 16-20, 1968 /  |c edited by J.D. McGee, et al. 
260 |a New York, N.Y. :  |b Academic Press,  |c 1969. 
300 |a 1 online resource (xxiii, 552 pages) :  |b illustrations. 
336 |a text  |b txt  |2 rdacontent 
337 |a computer  |b c  |2 rdamedia 
338 |a online resource  |b cr  |2 rdacarrier 
490 0 |a Advances in electronics and electron physics ;  |v 28A 
588 0 |a Print version record. 
505 0 |a Front Cover; Photo-Electronic Image Devices; Copyright Page; Contents; List of Contributors; Foreword; Preface; Contents of Volume B; Chapter 1. A Technical Description of the Construction, Function, and Application of the U.S. Navy Electronic Camera; Chapter 2. Large-image Electronographic Camera; Chapter 3. Sur Quelques Progrés Récents Apportés á la Caméra Électronique á Focalisation Électrostatique et sur son Application en Physique et en Astronomie; Chapter 4. Electronic Cameras for Space Research; Chapter 5. A High-resolution Image Tube for Integrated Circuit Fabrication 
505 8 |a Chapter 6. Further Developments of the SpectraconChapter 7. Cathode-ray Tube with Thin Electron-permeable Window; Chapter 8. Cascade Image Intensifier Developments; Chapter 9. A Family of Multi-stage Direct-view Image Intensifiers with Fiber-optic Coupling; Chapter 10. Some Aspects of the Design and Manufacture of a Fibre-optic Coupled Cascade Image Intensifier; Chapter 11. A Proximity-focused Image Tube; Chapter 12. INTIC, an Image INTensifying, Integrating and Contrast-enhancing Storage Tube; Chapter 13. A Light Amplifier with High Light Output 
505 8 |a Chapter 14. SEC Camera-tube Performance Characteristics and ApplicationsChapter 15. Some Properties of SEC Targets; Chapter 16. Newly Developed Image Orthicon Tube with a MgO Target; Chapter 17. Electrostatically Scanned Image Orthicon; Chapter 18. The Development of Image Isocons for Low-light Applications; Chapter 19. Dynamic Imaging with Television Cameras; Chapter 20. Beam-discharge Lag in a Television Pick-up Tube; Chapter 21. A 13-mm All-Electrostatic Vidicon; Chapter 22. An Infra-red Sensitive Vidicon With a New Type of Target 
505 8 |a Chapter 23. Récherche d'un Dispositif Nouveau de Télévision ThermiqueChapter 24. Un Tube de Prise de Vues Sensible aux Rayons X; Chapter 25. Adjustable Saturation in a Pick-up Tube with Linear Light Transfer Characteristic; Chapter 26. Measurement of TV Camera Noise; Chapter 27. An Electromechanical Picture Signal Generating Device; Chapter 28. Effects of Caesium Vapour upon the Target Glass of Image Orthicons; Chapter 29. Research on Photocathodes in Czechoslovakia; Chapter 30. Crystal Structure of Multialkali Photocathodes 
505 8 |a Chapter 31. Some Properties of the Trialkali Sb-K-Rb-Cs PhotocathodeChapter 32. Decay of S·20 Photocathode Sensitivity Due to Ambient Gases; Chapter 33. A New Technology for Transferring Photocathodes; Chapter 34. Improvements to Photocathodes for Pulse Operation; Chapter 35. Some Getter Materials for Caesium Vapour; Chapter 36. New Approaches to Photoemission at Long Wavelengths; Chapter 37. Gallium Arsenide Thin-film Photocathodes; Chapter 38. Étude de l'Émission Photoélectrique des Structures Métal-Isolant-Métal; Chapter 39. Interference Photocathodes 
520 |a ADV ELECTRONC/ELECTRON PHYSICS V28A APL. 
546 |a English. 
650 0 |a Electronics  |v Congresses. 
650 0 |a Optoelectronic devices  |v Congresses. 
650 6 |a Électronique  |v Congrès. 
650 6 |a Dispositifs optoélectroniques  |v Congrès. 
650 7 |a Electronics  |2 fast 
650 7 |a Optoelectronic devices  |2 fast 
655 7 |a Electronic books.  |2 local 
655 2 |a Congress 
655 7 |a proceedings (reports)  |2 aat 
655 7 |a Conference papers and proceedings  |2 fast 
655 7 |a Conference papers and proceedings.  |2 lcgft 
655 7 |a Actes de congrès.  |2 rvmgf 
700 1 |a McGee, J. David. 
710 2 |a ScienceDirect (Online service) 
758 |i has work:  |a Photo-electronic image devices (Text)  |1 https://id.oclc.org/worldcat/entity/E39PCFFXQHQ8cywyQwCV6wW8P3  |4 https://id.oclc.org/worldcat/ontology/hasWork 
776 1 |z 0120145286 
856 4 0 |u http://proxy.library.tamu.edu/login?url=https://www.sciencedirect.com/science/bookseries/00652539/28/part/PA  |z Connect to the full text of this electronic book  |t 0 
936 |a BATCHLOAD 
955 |a Elsevier ScienceDirect 2026-2027 
994 |a 92  |b TXA 
999 f f |i e08d3795-8d90-4f99-b9d2-24488e32056d  |s 70b8c95b-8177-49f2-ae05-88ec3a42998d  |t 0 
952 f f |a Texas A&M University  |b College Station  |c Electronic Resources  |s www_evans  |d Available Online  |t 0  |e TK7800 .A3728A 1969eb  |h Library of Congress classification 
998 f f |a TK7800 .A3728A 1969eb  |t 0  |l Available Online